000 00930nam a22002897a 4500
003 CHAP
005 20220329133728.0
008 971013s1990 r 10010 d
010 _a10059
011 _a11031
035 _a10269
040 _cCHAP
082 _a630.094
_bC6
111 0 0 _aCongress of the European Society for Agronomy (
_n1
_d: 1990
_c: Paris)
_927162
245 _aProceedings
260 _a(Paris) :
_bEuropean Society for Agronomy,
_c1990
300 _ac.a. 535 p.
_b; gráfs
590 _aBATCH-UPD
_b10
_c20130110
_lUCH01
_h1009
590 _aCONVERSION
_b10
_c20130109
_lUCH01
_h1306
650 1 4 _aAgricultura
_xCongresos.
_91373
650 1 4 _aAgricultura
_xEuropa
_zEuropa.
_9175388
700 0 _aScaife, Alan
_eed.
_9102841
710 0 _aEuropean Society for Agronomy.
_938896
901 _aBK
942 _cLIBRO
949 _a630.094 C6
_bBC
_cLIBRO
_d33724000027744
_eLIBRO
_gI.168273
_h85029
_i10269
_si
_t203.90
999 _c10059
_d10059